সায়েন্স ফিকশান সমগ্র, ষষ্ঠ খন্ড /

Detalles Bibliográficos
Autor Principal: ইকবাল, মুহম্মদ জাফর
Formato: Libro
Idioma:Bengali
Publicado: ঢাকা : প্রতীক প্রকাশনা সংস্থা, ২০১৯
Subjects:
Classic Catalogue: View this record in Classic Catalogue
LEADER 01449nam a22003017a 4500
001 34812
003 BD-DhAAL
005 20250826130303.0
008 190722t2019 bg ||||| |||| 00| 1 ben d
020 |a 9789848795644 
040 |a BD-DhAAL  |d BD-DhAAL 
041 |a ben 
082 |a 891.44 
100 |a ইকবাল, মুহম্মদ জাফর.  |9 32994 
245 |a সায়েন্স ফিকশান সমগ্র,  |n ষষ্ঠ খন্ড /  |c মুহম্মদ জাফর ইকবাল. 
246 |a Science fiction samagra vol VI 
260 |a ঢাকা :  |b প্রতীক প্রকাশনা সংস্থা,  |c ২০১৯ 
300 |a ৬১৮ পৃষ্ঠা ;   |c ২২ সে.মি. 
362 |a Vol. 6 
526 |a Residential Campus AAL 
541 |a Development Book Agency  |e 34812, 34982 
650 |a Bengali fiction.  |9 32995 
650 |a Science fiction, Bengali.  |9 58796 
852 |a Savar Campus Library  |c General Stacks 
942 |2 ddc  |c BK 
999 |c 40900  |d 40900 
952 |0 0  |1 0  |2 ddc  |4 0  |6 891_440000000000000_IQB  |7 0  |9 65659  |a SCL  |b SCL  |c GEN  |d 2019-07-17  |e Development Book Agency  |g 531.67  |l 7  |m 22  |o 891.44 IQB  |p 3020034812  |r 2024-12-03  |s 2024-10-26  |t 1  |v 531.67  |w 2019-07-17  |y BK 
952 |0 0  |1 0  |2 ddc  |4 0  |6 891_440000000000000_IQB  |7 0  |9 65833  |a BRACUL  |b BRACUL  |c GEN  |d 2019-07-24  |e Development Book Agency  |g 531.67  |l 14  |m 129  |o 891.44 IQB  |p 3010034982  |r 2026-01-10  |s 2025-09-19  |t 2  |v 531.67  |w 2019-07-24  |y BK